00726nam a2200217Ia 4500003000400000005001700004008004100021040001800062041000800080082002000088100002900108245005400137250001200191260004400203300002000247650004600267650003200313942002900345999001900374952011500393OSt20220714152409.0210716s2000 xx 000 0 und d cAIMIT LIBRARY aeng a513.2 21bDEVS aDevi, Shakuntala.949497 aFiguring: bjoy of numbers /cBy Shakuntala Devi. a1st ed. aNew Delhi :bOrient Paperbacks ,c2000. a157p. ;c18 cm. aPercentages discounts and interest949498 aCubes and cube roots949499 2ddccBKe1stk513.2 DEVS c185814d185814 00102ddc40708MCAaAIMITbAIMITg50.00l0o513.2 DEVSpMCA05322r2025-07-21 00:00:00v50.00w2021-07-16yBK